000 01006cam a2200253 4500
001 X113252
008 000000n2001 000 0 eng u
035 _a(Sirsi) u113252
100 _aMead, A.
245 _aInflexible friends
260 _c2001
490 _aArchitects' Journal
_v213(22) 7 June 2001, 30-33(4)
520 _aReports on the concern of the conservation architect John Winter, who has been involved in the restoration of a number of important Modern Movement buildings, that the unwillingness of many conservation officers to reach a compromise over the restoration and reuse of other listed examples jeopardises their future.
650 _aALTERATIONS
650 _aCONSERVATION OFFICERS
650 _aLISTED BUILDINGS
650 _aMODERN ARCHITECTURE
650 _aMODERN MOVEMENT
650 _aPLANNING PERMISSION
650 _aRESTORATION
650 _aREUSE
690 _aBUILT ENVIRONMENT-BUILDING MAINTENANCE AND REFURBISHMENT-BUILDING CONSERVATION
942 _n0
999 _c67454
_d67454